Dictionary of Arabic Proper Names and Theological Terms (Record no. 529)

MARC details
000 -LEADER
fixed length control field 00620nam a2200241 a 4500
020 ## - INTERNATIONAL STANDARD BOOK NUMBER
ISBN
082 00 - DEWEY DECIMAL CLASSIFICATION NUMBER
Classification number 492.731
Author Cutter DIO
100 ## - MAIN ENTRY--AUTHOR NAME
Author name Diocesan Press,
245 ## - TITLE STATEMENT
Title Dictionary of Arabic Proper Names and Theological Terms
260 ## - PUBLICATION, DISTRIBUTION, ETC. (IMPRINT)
Place of publication Belmont, USA
Name of publisher Dickenson Publishing Company
Year of publication 1929
300 ## - PHYSICAL DESCRIPTION
Number of Pages 20p
500 ## - GENERAL NOTE
General note includes index and biblioraphy
505 2# - FORMATTED CONTENTS NOTE
Formatted contents note Index
650 ## - SUBJECT ADDED ENTRY--TOPICAL TERM
Topical Term Dictionary-Arabic
942 ## - ADDED ENTRY ELEMENTS (KOHA)
Koha item type Books
700 1# -
-- Diocesan Press,
Holdings
Home library Current library Date acquired Cost, normal purchase price Full call number Accession Number Koha item type
Henry Martyn Institute Library Henry Martyn Institute Library 06/28/2019 100.00 492.731 DIO 03011 Archive Book
Henry Martyn Institute Library Henry Martyn Institute Library 06/28/2019 100.00 492.731 DIO 03012 Archive Book
Henry Martyn Institute Library Henry Martyn Institute Library 08/19/2016 100.00 492.731 DIO 04888 Archive Book
                   Copyright © 2026 | Henry Martyn Institute | Hyderabad | TS-500052 | INDIA | Implemented by hmi.edu.in
Hit-Count:

Powered by Koha